000 00731cam a2200181 4500
001 ABS66900
008 030811n2003 000 0 eng u
035 _a(Sirsi) u123254
100 _aBooty, F.
245 _aFlexible workingαs impact on employee productivity and creativity in the UK ₁ and beyond
260 _c2003
490 _aRICS Facilities Management Faculty Feature
_v14 July 2003 (4)
520 _aPresents the findings of a detailed study into the impact of flexible working on employee productivity and creativity in the UK undertaken by Johnson Controls and the University of the West of England.
590 _aABS
650 _aFLEXIBLE WORKING
690 _aMANAGEMENT-FACILITIES MANAGEMENT
942 _n0
999 _c73206
_d73206